书目信息 |
| 题名: |
岭南造园与审美
|
|
| 作者: | 陆琦, 著 | |
| 分册: | ||
| 出版信息: | 北京 中国建筑工业出版社 2005.6 |
|
| 页数: | 249页 | |
| 开本: | 23cm | |
| 丛书名: | 岭南建筑丛书 | |
| 单 册: | ||
| 中图分类: | TU986.626.5 | |
| 科图分类: | ||
| 主题词: | 园林艺术--yuan lin yi shu--研究--广东省 , 园林艺术--yuan lin yi shu | |
| 电子资源: | ||
| ISBN: | 7-112-07266-2 | |
| 000 | 01032cam2 2200289 450 | |
| 001 | 012005008666 | |
| 005 | 20051021101010.1 | |
| 010 | @a7-112-07266-2@dCNY45.00 | |
| 100 | @a20050716d2005 emky0chiy0121 ea | |
| 101 | 0 | @achi |
| 102 | @aCN@b110000 | |
| 105 | @af z 000yy | |
| 200 | 1 | @a岭南造园与审美@Aling nan zao yuan yu shen mei@f陆琦著 |
| 210 | @a北京@c中国建筑工业出版社@d2005.6 | |
| 215 | @a249页@c图@d23cm | |
| 225 | 2 | @a岭南建筑丛书@Aling nan jian zhu cong shu |
| 314 | @a陆琦(1956-),华南理工大学建筑学院建筑学系教授,国家一级注册建筑师,著有《岭南造园与审美》等。 | |
| 320 | @a有书目(第247-248页) | |
| 330 | @a本书共7章,内容包括:岭南造园历史进程;岭南造园环境因素;岭南造园美学思想;岭南园林审美特性等。 | |
| 461 | 0 | @12001 @a岭南建筑丛书 |
| 606 | 0 | @a园林艺术@Ayuan lin yi shu@x研究@y广东省 |
| 606 | 0 | @a园林艺术@Ayuan lin yi shu |
| 690 | @aTU986.626.5@v4 | |
| 701 | 0 | @a陆琦,@Alu qi@f1956-@4著 |
| 801 | 0 | @aCN@bSRXX@c20050801 |
| 801 | 2 | @aCN@bSRXX@c20051021 |
| 905 | @a10447@dTU986.626.5@eL853 | |
| 岭南造园与审美/陆琦著.-北京:中国建筑工业出版社,2005.6 |
| 249页:图;23cm.-(岭南建筑丛书) |
| ISBN 7-112-07266-2:CNY45.00 |
| 本书共7章,内容包括:岭南造园历史进程;岭南造园环境因素;岭南造园美学思想;岭南园林审美特性等。 |
| ● |
| 相关链接 |
|
|
|
正题名:岭南造园与审美
索取号:TU986.626.5/L853
 
预约/预借
| 序号 | 登录号 | 条形码 | 馆藏地/架位号 | 状态 | 备注 |
| 1 | 541914 | 205419144 | 建筑库201/201建筑库 120排1列6层/ [索取号:TU986.626.5/L853] | 在馆 | |
| 2 | 541915 | 205419153 | 建筑库201/201建筑库 120排1列6层/ [索取号:TU986.626.5/L853] | 在馆 |